| 000 | 00502nam a2200181Ia 4500 | ||
|---|---|---|---|
| 003 | GCL | ||
| 008 | 140319s9999 xx 000 0 ara d | ||
| 040 |
_aGCL / _cGCL |
||
| 082 | 0 | 4 |
_a301.31 _bن ا |
| 100 | 1 | _aناصر فياض | |
| 245 | 1 | 0 |
_aاغتيال نهر النيل / _cناصر فياض |
| 300 | _a94 ص | ||
| 490 |
_aالهيئة العامة للاستعلامات _v0 |
||
| 650 | 0 | 4 | _aالتلوث |
| 650 | 0 | 4 | _aنهر النيل |
| 650 | 0 | 4 | _aالمياه - تلوث |
| 942 |
_2ddc _cBK |
||
| 999 |
_c49554 _d49554 |
||